000 00535nam a2200181 4500
999 _c170778
_d170778
005 20191224165941.0
010 _aENG-127241
020 _a97893852661084
_c600.00
035 _aEN-110773
037 _bDBAD/PUB
082 _a615.538
100 _aJain, Alok
245 _aThe root cause /
_cby Alok Jain
260 _aNew Delhi
_bPrabhat Prakashan
_c2017
270 _a4/19 Asaf Ali Road
_bNew Delhi
_e110002
_k011-23289777
_mprabhatbooks@gmail.com
300 _a342p.
_c22cm(Hb)
942 _2ddc
_cEN
_h615.538
_mJAI